Country Flags to Capital - Statistics

General Stats
  • This quiz has been taken 851 times
  • The average score is 133 of 196
Answer Stats
Picture Answer % Correct
Washington, D.C.
100%
London
99%
Moscow
97%
Paris
97%
Rome
96%
Canberra
95%
Ottawa
95%
Amsterdam
94%
Dublin
94%
Tokyo
94%
Brasilia
92%
Seoul
92%
Stockholm
92%
Athens
91%
Oslo
91%
Helsinki
90%
Wellington
90%
Beijing
89%
Copenhagen
89%
Bern
88%
Brussels
88%
Berlin
87%
Madrid
87%
Reykjavik
87%
Vatican City
87%
Budapest
86%
Jerusalem
86%
Mexico City
86%
Ankara
85%
New Delhi
85%
Sofia
85%
Hanoi
84%
Buenos Aires
83%
Vienna
83%
Warsaw
83%
Beirut
82%
Cairo
82%
San Marino
81%
Tirana
81%
Kingston
80%
Singapore
80%
Tunis
80%
Algiers
79%
Dhaka
79%
Islamabad
79%
Kathmandu
79%
Monaco
79%
Nicosia
79%
Prague
79%
Tbilisi
79%
Valletta
79%
Kuala Lumpur
78%
Lisbon
78%
Pyongyang
78%
Riyadh
78%
Baghdad
77%
Jakarta
77%
Nairobi
77%
Pretoria
77%
Pristina
77%
Zagreb
77%
Havana
76%
Lima
76%
Montevideo
76%
Panama City
76%
Santiago
76%
Tehran
76%
Kyiv
75%
Manila
75%
Bangkok
74%
Bratislava
74%
Luxembourg City
74%
Sarajevo
74%
Belgrade
73%
Bucharest
73%
Skopje
73%
Taipei
73%
Tallinn
73%
Baku
72%
Caracas
72%
Damascus
72%
Ljubljana
72%
Minsk
72%
Nur-sultan
72%
Abu Dhabi
71%
Santo Domingo
71%
Bogota
70%
Kinshasa
70%
Rabat
70%
Riga
70%
Tripoli
70%
Kuwait City
69%
Andorra la Vella
68%
Phnom Penh
68%
Port Moresby
68%
Tashkent
68%
Vaduz
68%
Kabul
67%
Thimphu
67%
Ulaanbaatar
67%
Antananarivo
66%
Doha
66%
Quito
66%
Amman
65%
Muscat
65%
Addis Ababa
64%
Male
64%
Port au Prince
64%
Sana'a
64%
San Salvador
64%
Vilnius
64%
Ashgabat
63%
Asuncion
63%
Chisinau
63%
San Jose
63%
Abuja
62%
Bridgetown
62%
Djibouti
62%
Guatemala City
62%
Luanda
62%
Mogadishu
62%
Nassau
62%
Yamoussoukro
62%
Victoria
61%
Vientiane
61%
Dili
60%
Georgetown
60%
Manama
60%
Naypyidaw
60%
Yerevan
60%
Bandar Seri Begawan
59%
Belmopan
59%
Bishkek
59%
Brazzaville
59%
Juba
59%
Monrovia
59%
Podgorica
59%
Port of Spain
59%
Sao Tome
59%
Tegucigalpa
59%
Khartoum
58%
Managua
58%
Niamey
58%
Ouagadougou
58%
Sri Jayawardenapura Kotte
58%
Dodoma
57%
Dushanbe
57%
Yaounde
57%
Freetown
56%
Harare
56%
Windhoek
56%
Accra
55%
Kampala
55%
Maputo
55%
Mbabane
55%
N'djamena
55%
St. John's
55%
Suva
55%
Dakar
54%
Gaborone
54%
Lilongwe
54%
Nouakchott
54%
Paramaribo
54%
Bissau
53%
Libreville
53%
Moroni
53%
Kigali
52%
Ngerulmud
52%
Nuku'alofa
52%
Asmara
51%
Praia
51%
Sucre
51%
Roseau
50%
South Tarawa
50%
Apia
49%
Lome
49%
Port Vila
49%
Yaren
49%
Basseterre
48%
Castries
48%
Gitega
48%
Lusaka
48%
Majuro
48%
Malabo
47%
Maseru
47%
Bangui
46%
Conakry
46%
Kingstown
46%
Palikir
46%
Port Louis
46%
Porto Novo
46%
St. George's
46%
Bamako
45%
Banjul
44%
Funafuti
44%
Honiara
43%
No matching quizzes found
Score Distribution
Percent of People with Each Score
Percentile by Number Answered
Your Score History
You have not taken this quiz